| 000 -CABECERA |
| Longitud fija campo de control |
00553nam a22001817a 4500 |
| 003 - IDENTIFICADOR DEL NÚMERO DE CONTROL |
| Identificador del número de control |
OSt |
| 005 - FECHA Y HORA DE LA ÚLTIMA TRANSACCIÓN |
| Fecha y hora de la última transacción |
20240529140936.0 |
| 008 - CÓDIGOS DE INFORMACIÓN DE LONGITUD FIJA |
| Códigos de información de longitud fija |
240529b ||||| |||| 00| 0 eng d |
| 040 ## - FUENTE DE LA CATALOGACIÓN |
| Centro catalogador de origen |
CDMR |
| Lengua de catalogación |
cat |
| Centro transcriptor |
CDMR |
| 100 0# - PUNTO DE ACCESO PRINCIPAL-NOMBRE DE PERSONA |
| 9 (RLIN) |
1346 |
| Nombre de persona |
Kap |
| 245 ## - MENCIÓN DE TÍTULO |
| Título |
JMS |
| Resto del título |
: Josep Maria Serra : l'art del dibuix de premsa |
| Mención de responsabilidad, etc. |
/ [per Jaume Capdevila] |
| 260 ## - PUBLICACIÓN, DISTRIBUCIÓN, ETC. (PIE DE IMPRENTA) |
| Lugar de publicación, distribución, etc. |
[Barcelona |
| Nombre del editor, distribuidor, etc. |
: s.n.], |
| Fecha de publicación, distribución, etc. |
2024 |
| 300 ## - DESCRIPCIÓN FÍSICA |
| Extensión |
65 pàgines |
| 600 #0 - PUNTO DE ACCESO ADICIONAL DE MATERIA - NOMBRE DE PERSONA |
| 9 (RLIN) |
4947 |
| Nombre de persona |
Serra, Josep Maria |
| Fechas asociadas al nombre |
(1922-2002) |
| 650 #0 - PUNTO DE ACCESO ADICIONAL DE MATERIA - TÉRMINO DE MATERIA |
| 9 (RLIN) |
3384 |
| Término de materia o nombre geográfico como elemento inicial |
Dibuixants |
| Subdivisión geográfica |
Catalunya |
| 650 #0 - PUNTO DE ACCESO ADICIONAL DE MATERIA - TÉRMINO DE MATERIA |
| 9 (RLIN) |
3084 |
| Término de materia o nombre geográfico como elemento inicial |
Humorisme gràfic |
| Subdivisión geográfica |
Catalunya |
| 942 ## - ENTRADA DE ELEMENTOS AGREGADOS (KOHA) |
| Fuente de clasificaión o esquema |
|
| Koha [por defecto] tipo de item |
Monografies |